000 00868cab a2200265 4500
001 WB3444-38
008 090401t1998 xxu||||| |||| 00| 0 eng d
035 _a(Sirsi) u89780
041 _aeng
245 _aTo let
260 _c1998
350 _a0
490 _aTimes Weekend
_v14 November 1998, 57
490 _aDaily Telegraph
_v16 November 1998, 8
490 _aIndependent on Sunday
_v15 November 1998, 20(3)
520 _aDemographic changes mean that renting is increasingly being seen as a viable alternative to buying a property, and the yields for landlords are making the option of buy-to-let increasingly appealing.
650 _aARLA
650 _aASSOCIATION OF RESIDENTIAL LETTING AGENTS
650 _aBUY-TO-LET
650 _aLETTING
650 _aRENTING
690 _aLandlord and tenant
_96252
942 _n0
948 _c18/11/1998
999 _c56830
_d56830